Responses for show #8416 - Monday, June 7, 2021

Champion's winnings & consolation amounts matched to National Alliance on Mental Illness.

Contestants

[<< previous game]

Verlinda Johnson Henning, a human resources consultant from Memphis, Tennessee

Derek Allen, an accountant from Cassopolis, Mighigan

Julia Markham Cameron, an attorney from Brooklyn, New York (whose 2-day cash winnings total $26,250)

[next game >>]

Jeopardy! Round responses

LANDMARKS
TOP BRITISH BABY NAMES
SOME GOOD NEWS
ARRIVALS & DEPARTURES
HEIR GUITAR
BRING IT "ON"
(Mayim: These responses will start with "on".)
    $200 11
the Golden Gate Bridge

Derek
    $200 18
Oliver

Verlinda
    $200 23
British Columbia

Derek
    $200 14
(Julia: Who is Benedict Arnold?)

Nathan Hale

Julia
Triple Stumper
    $200 1
Billy Ray Cyrus

Julia
    $200 6
online

Verlinda
    $400 12
Stonehenge

Verlinda
    $400 19
Daisy

Julia
    $400 24
Pokémon Go

Julia
    $400 15
Christopher Wren

Derek
    $400 2
(George) Harrison

Julia
    $400 7
onset

Verlinda
    $600 13
the Great Wall of China

Verlinda
    $600 20
Emily

Julia
    $600 25
a hippo (a pygmy hippopotamus)

Julia
    $600 28
Otto von Bismarck

Triple Stumper
    $600 3
Johnny Cash

Verlinda
    $600 8
Onward

Julia
    $1,600 16
the Arc de Triomphe

Derek
    $800 21
Grace

Julia
    $800 26
Virginia Tech

Derek
    $800 29
Warren Harding

Derek
    $800 4
Bob Marley

Verlinda
    $800 9
onlooker

Julia
    $1000 17
Uluru (Ayers Rock)

Julia
    $1000 22
Owen

Triple Stumper
    $1000 27
pollinators

Julia
    $1000 30
Matthew Henson

Triple Stumper
    $1000 5
Hank Williams Jr.

Verlinda
    $1000 10
onboarding

Derek

Scores at the first commercial break (after clue 15):

Julia Derek Verlinda
$1,800 $1,600 $4,000

Scores at the end of the Jeopardy! Round:

Julia Derek Verlinda
$6,600 $5,000 $4,200

Double Jeopardy! Round responses

HISTORY BEFORE 1738
-ISMs
U.K. TV
SCIENCE & TECHNOLOGY
CONSCIOUSNESS OF STREAM WRITING
IT'S HYPHENATED
    $400 22
Genghis Khan

Julia
    $400 13
capitalism

Verlinda
    $400 17
Doctor Who

Verlinda
    $400 8
(Derek: What are beaches?)

(coral) reefs

DerekVerlinda
    $400 4
the Mississippi

Verlinda
    $400 1
(Mayim: That's right; I'm there.)
[Laughter]

middle-aged

Julia
    $800 23
a fleur-de-lis

Derek
    $800 14
(Derek: What is a malapropism?)

an anachronism

JuliaDerek
    $800 18
the Premier League

Derek
    $800 12
Denmark

Verlinda
    $800 7
the Thames

Derek
    $800 2
wall-to-wall

Julia
    $1200 24
Hernán Cortés

Julia
    $1200 15
a spoonerism

Julia
    $1200 19
Anne Robinson

Triple Stumper
    $2,000 27
(Julia: What is ten?)

10,000 steps

Julia
    $1200 9
[NOTE: The novel is The Bridge over the River Kwai.]

Bridge on the River Kwai

Verlinda
    $1200 3
mother-of-pearl

Derek
    $1600 25
Charles II

Triple Stumper
    $4,000 16
Zionism

Julia
    $1600 20
Broadchurch

Verlinda
    $1600 29
Nikola Tesla

Triple Stumper
    $1600 10
(Derek: What is the Nile?)
(Mayim: I need more.)

the Blue Nile & the White Nile

Derek
    $1600 5
brother-in-law

Verlinda
    $2000 26
[Laughter at Julia's reaction to having a correct response]

an antipope

Julia
    $2000 21
an embolism

Derek
    $2000 28
Coupling

Triple Stumper
    $2000 30
a horse

Julia
    $2000 11
Deliverance

Verlinda
    $2000 6
a fer-de-lance

Verlinda

Scores at the end of the Double Jeopardy! Round:

Julia Derek Verlinda
$17,400 $11,000 $15,000

[wagering suggestions for these scores]

Final Jeopardy! Round responses

GOLDEN AGE ACTRESSES
(Mayim: [To Verlinda] She was married to Olivier and Williams wrote her praising her as Blanche in A Streetcar Named Desire.)
DerekWho is Olivia de Haviland
$11,000
VerlindaWHO Who is Vivien Leigh?
$2,500
JuliaWho is Jessica Tandy?
$12,601
Vivien Leigh

Final scores:

Julia Derek Verlinda
$4,799 $0 $17,500
2nd place: $2,000 3rd place: $1,000 New champion: $17,500

Game dynamics:

Coryat scores:

Julia Derek Verlinda
$17,000 $10,200 $15,000
20 R
(including 1 DD),
2 W
(including 1 DD)
13 R
(including 1 DD),
2 W
18 R,
0 W

Combined Coryat: $42,200

The J! Archive is created by fans, for fans. The Jeopardy! game show and all elements thereof, including but not limited to copyright and trademark thereto, are the property of Jeopardy Productions, Inc. and are protected under law. This website is not affiliated with, sponsored by, or operated by Jeopardy Productions, Inc. Join the discussion at JBoard.tv.